000 00702nam a2200205Ia 4500
005 20260121110214.0
008 008 260114s9999 xx 000 0 hin d
020 _a9788132303565
037 _aEBOOK
040 _aCRL
_bhin
_cCRL
041 _ahin
_2hin
084 _qCRL
100 _aप्रमोद उपाध्याय / Pramod Upadhyay
_9943334
245 0 _aविकास के वर्ष एवं बाल्यावस्था / Vikas ke varsh aur baalyavastha
260 _bभाषा प्रकाशन / Bhasha Prakashan
_c2020
856 _uhttps://bhashaprakashan.com/product-details/377988
942 _cEBOOK
999 _c1534999
_d1534999